| 000 | 00728nam a2200241Ia 4500 | ||
|---|---|---|---|
| 003 | OSt | ||
| 005 | 20221006143240.0 | ||
| 006 | a|||||r|||| 00| 0 | ||
| 007 | ta | ||
| 008 | 221006b |||||||| |||| 00| 0 eng d | ||
| 024 | _a8,432 | ||
| 037 |
_bGift, Japan Foundation _cTextual |
||
| 040 |
_aEASL _cEASL _beng |
||
| 041 |
_2eng _aeng |
||
| 082 | _aX65.42.N86, M7 | ||
| 100 |
_aYUTAKA Kosai _9649478 |
||
| 245 | 0 | _aBalance between saving and investment in Japan | |
| 260 |
_aTokyo _bJapan Foundation Japan _c1987 |
||
| 300 |
_a9p. _ccm. |
||
| 490 |
_v JEL _aOrientation Seminars On Japan: No.27 |
||
| 942 |
_hX65.42.N86, M7 _cTEXL _2CC |
||
| 999 |
_c1076518 _d1076518 |
||